000 01130cam a2200313 4500
001 000012639
003 DO-SdBNP
005 20251210111112.0
008 740415s1973 oncab b 001 0 eng d
020 _a0776620126
040 _aDO-SdBNP
_bspa
_cBNPHU
043 _an-cn-
049 _aBNGR
082 _a343.096
_bP536L
100 1 _aPharand, Donat,
_929413
245 1 4 _aThe law of the sea of the arctic :
_bwith special reference to Canada /
_cDonat Pharand.
260 _aOttawa, :
_bUniversity of Ottawa,
_c1973.
300 _axxii, 367 p. :
_bill., maps. ;
_c22 cm.
490 0 _aCollection des travaux de la Faculté de droit de l'Université d'Ottawa
_v7
490 1 _aMonographies juridiques
_v7
500 _aIncludes index
504 _aBibliography: p. [325]-355.
650 0 _aDerecho marítimo
_zCánada
_99352
650 4 _aAguas jurisdiccionales
_zCánada.
_929415
650 0 _aDerecho marítimo internacional
_99353
830 0 _aCollection des travaux de la Faculté de droit de l'Université d'Ottawa
_pMonographies juridiques
_v7
_929416
910 _aCatalogación derivada
942 _2ddc
_cLBS1
999 _c12291
_d12291